000
00317nam a22001337a 4500
999
_c
15507
_d
15507
003
OSt
008
180818b ||||| |||| 00| 0 eng d
082
_a
694.1
_b
LOV/TH
100
_a
Love, George H
_9
3273
245
_a
Theory and practice of woodwork
260
_a
Longmans
_b
London
_c
1963
300
_a
166
942
_c
BK